Chemie síry v procesu zplyňování uhlí /

Hlavní autor: Straka, František, 1944-2015
Jazyk: Čeština
Vydáno: Praha : Ústav pro výzkum a využití paliv, 1983
Edice: Monografie ÚVP
Fyzický popis: 131 s.
Language note: Anglické a ruské resumé
Knihy
Uloženo v:
LEADER 00912nam a2200277 a 4500
001 000623734
003 CZ BrMZK
005 20100728134252.0
007 ta
008 020918s1983 xr f cze d
040 |a BOA001  |b cze  |c BOA001 
041 0 |a cze  |b rus  |b eng 
080 9 |a 622.7.016:546.22-3  |2 MRF 
080 |a 546.22-3:622.7.016  |2 MRF 
100 1 |a Straka, František,  |d 1944-2015  |7 ola20040426002  |4 aut 
245 1 0 |a Chemie síry v procesu zplyňování uhlí /  |c František Straka 
260 |a Praha :  |b Ústav pro výzkum a využití paliv,  |c 1983 
300 |a 131 s. 
490 1 |a Monografie ÚVP ;  |v č. 63 
500 |a Ruské a anglické resumé 
504 |a Obsahuje bibliografii 
546 |a Anglické a ruské resumé 
830 0 |a Monografie ÚVP 
910 |a BOA001  |b 2-0863.018 
990 |a BK 
996 6 |b 2619332169  |c 2-0863.018  |l MZK  |r Sklad / do 1 hodiny  |n 2  |w 000623734  |u 000010  |a 1  |e BOA001  |j MZK50  |s P